Cartas de Edgar Degas
Guardat en:
| Autor principal: | |
|---|---|
| Format: | Llibre |
| Idioma: | espanyol |
| Publicat: |
Buenos Aires
El Ateneo
1943
|
| Edició: | 1a. ed |
| Matèries: | |
| Etiquetes: |
Afegir etiqueta
Sense etiquetes, Sigues el primer a etiquetar aquest registre!
|
MARC
| LEADER | 00000cam a2200000 a 4500 | ||
|---|---|---|---|
| 001 | UCE2802 | ||
| 003 | CL-VaPUC | ||
| 008 | 140724e19430000ag |||||||||||||||||spa|d | ||
| 082 | 0 | 4 | |a 759.4 |b BAR |2 21 |
| 100 | 0 | |a Barrandéguy, Emma |e author |9 575362 | |
| 245 | 1 | 0 | |a Cartas de Edgar Degas |
| 250 | |a 1a. ed | ||
| 300 | |a 253 p | ||
| 942 | |c BK | ||
| 945 | |d 20140724 10:48:00 |a dcastane | ||
| 260 | |a Buenos Aires |b El Ateneo |c 1943 | ||
| 600 | 0 | 7 | |a DEGAS, EDGAR |2 CL-VaPUC |9 268732 |
| 650 | 0 | |a Pintores franceses |9 340354 | |
| 650 | 0 | |a Pintura francesa |9 266122 | |
| 650 | 7 | |a IMPRESIONISMO |2 CL-VaPUC |9 324638 | |
| 650 | 7 | |a IMPRESIONISTAS |2 CL-VaPUC |9 449219 | |
| 583 | |a last modification |c 20140724 10:48:00 |k Rodrigo Vera | ||
| 999 | |c 356363 |d 356361 | ||
| 952 | |0 0 |1 0 |3 erd |4 0 |6 759_400000000000000_BAR_1943 |7 0 |8 R |9 463640 |a BIBART |b BIBART |i 5048788 |l 4 |o 759.4 BAR 1943 |p 5048788 |r 2025-03-13 |s 2022-03-25 |w 2019-11-23 |y BK_R |z Catalogado en:20140724 |k ART | ||